US environmental policies : The good, the bad and the ugly (Record no. 71788)

MARC details
000 -LEADER
fixed length control field 00342nam a2200121Ia 4500
100 ## - MAIN ENTRY--AUTHOR NAME
Personal name Cain Maurice
245 #0 - TITLE STATEMENT
Title US environmental policies : The good, the bad and the ugly
260 ## - PUBLICATION, DISTRIBUTION, ETC. (IMPRINT)
Name of publisher Rubber International Magazine
Year of publication 2003
300 ## - PHYSICAL DESCRIPTION
Number of Pages 40-44
650 ## - SUBJECT ADDED ENTRY--TOPICAL TERM
Topical Term Environmental policy
942 ## - ADDED ENTRY ELEMENTS (KOHA)
Koha item type Journals
Holdings
Withdrawn status Lost status Damaged status Not for loan Home library Current library Shelving location Date acquired Serial Enumeration / chronology Koha item type
      Journals RRII Library RRII Library Rubber general 17/12/2021 Volume 5, Issue 8 Journals